MDQL
is popping MORE tags! Check the
thread
!
Quizzes
Events
Quiz Creation
Community
Videos
Private Events
Remove Ads
Sign In
Join for FREE
Feedback
Dark Mode
Quiz Categories
Sports
Geography
Music
Movies
Television
Just For Fun
Miscellaneous
History
Literature
Language
Science
Gaming
Entertainment
Religion
Holiday
For Kids
Quiz Lab
Recent
Popular Today
Quiz Kudos Today
Editor Picks
Curator Picks
Quizzes by...
Day
Popularity
Type
Ratings
Length
Year
Community
Subscriptions
Recent Discussions
Orange Saloon
Badges
Playlists
Quests
Create
Leaderboards
Showdown
Live 5
Trivia Bingo
Activity
Puzzle Library
Sporcle Events
Private Events
Virtual Trivia
Globe League
Become a Host
Pub Owners
SporcleCon
Opinionation
Our Games
Videos
Blog
Mobile Apps
Partnerships
Remove Ads and Go Orange
Feedback
Movies
Disney
Marvel Cinematic Universe
Movie Resume
Movie Titles
Oscar
Actor
Actress
Director
Pixar
Role
Movie Quotes
Movie Characters
Box Office
Nominee
Best Picture
Star Wars
James Bond
Horror Movies
Movies
Disney
Marvel Cinematic Universe
Movie Resume
Movie Titles
Oscar
Actor
Actress
Director
Pixar
Role
Movie Quotes
Movie Characters
Box Office
Nominee
Best Picture
Star Wars
James Bond
Horror Movies
Random Quiz
Search Sporcle
×
Quiz Lab
Quiz Lab
Movies
Celebrity
Type in answers that appear in a list
Type in answers that appear in a list
Classic
Best Score? Go Orange.
Muppet movie cameo celebrities Stats
Can you name the Muppet movie cameo celebrities?
By
Phonglehorn
7m
39 Questions
208 Plays
208 Plays
208 Plays
Comments
Comments
Give Quiz Kudos
Give Quiz Kudos
-
- Ratings
hide this ad
More Info
Replay
Link that replays current quiz
Next Quiz
Link to next quiz in quiz playlist
You Got
0%
They Got
Avg Score
41%
Avg Friend Score
Upgrade to see
Score Distribution
Jump to the score distribution portion of the page
Score
0/39
Timer
07:00
0
Plays Today
Movie
Celebrity
% Correct
The Muppet Movie
Steve Martin
74.3%
The Muppet Movie
Dom DeLuise
62.1%
The Muppet Movie
Bob Hope
57.8%
The Muppet Movie
Orson Welles
54.9%
The Muppet Movie
Richard Pryor
54.4%
The Muppets Take Manhattan
Joan Rivers
52.9%
The Muppet Movie
Mel Brooks
52.4%
The Muppet Movie
Edgar Bergen and Charlie McCarthy
51.9%
The Muppet Movie
Madeline Kahn
51.5%
The Muppet Movie
Carol Kane
49.5%
The Great Muppet Caper
John Cleese
48.5%
The Muppet Movie
Cloris Leachman
48.1%
The Muppet Movie
Milton Berle
47.6%
The Muppet Movie
Elliott Gould
44.2%
The Muppets Take Manhattan
Elliott Gould
44.2%
Muppets From Space
Katie Holmes
42.7%
The Muppet Movie
James Coburn
42.2%
The Muppet Movie
Telly Savalas
39.3%
The Muppet Movie
Paul Williams
39.3%
Muppets From Space
Joshua Jackson
38.8%
Movie
Celebrity
% Correct
The Great Muppet Caper
Peter Ustinov
38.3%
The Muppets Take Manhattan
Liza Minnelli
36.9%
The Muppets Take Manhattan
Gregory Hines
36.9%
Muppets From Space
Andie MacDowell
36.9%
Muppets From Space
Hulk Hogan
35.4%
The Muppets Take Manhattan
Brooke Shields
35%
The Muppets Take Manhattan
Art Carney
33.5%
The Great Muppet Caper
Peter Falk
33%
Muppets From Space
Ray Liotta
33%
The Muppets Take Manhattan
Dabney Coleman
32.5%
The Muppets Take Manhattan
James Coco
32%
Muppets From Space
David Arquette
31.6%
Muppets From Space
Kathy Griffin
29.1%
Muppets From Space
Rob Schneider
28.6%
The Great Muppet Caper
Robert Morley
28.2%
The Muppets Take Manhattan
Ed Koch
27.7%
The Muppets Take Manhattan
Linda Lavin
27.2%
Muppets From Space
F. Murray Abraham
26.7%
The Great Muppet Caper
Jack Warden
25.2%
Quiz Playlist
Details
Report
Send in Message
Add To Playlist
More Info:
Answers are cameo celebrities in the theatrically released Muppet movies, not including co-stars like Charles Durning, Charles Grodin, etc.
Classic:
Type in answers that appear in a list
Last Updated: Feb 16, 2017
Quiz Scoreboard
CHALLENGE
Sign Up to Join the Scoreboard
Show All
Scores
Hide
Comments
May contain spoilers
Recently Published
Holiday 10x10 Sorting Gallery
by lukepisani3
Holiday
15m
Two Season TV Shows II
by 123Four
Television
10m
Image Sorting: Flags VI
by Barbecue
Geography
2m
More to Explore
Quiz From the Vault
Featured Blog Post
14 Easter Pick-up Lines to Find Eggs With
hide this ad
You Might Also Like...
Tags
Celebrity Quiz
cameo
The Muppets
Today's Top Quizzes in Movies
Browse Movies
hide this ad
Today's Top Quizzes in Celebrity
Browse Celebrity
Top Contributed Quizzes in Movies
1
The ultimate James Bond movie quiz
2
Find The 'Big' Movie
3
Find The 'Wild' Movie
4
Find The 'Blue' Movie
5
Movies By Plot
6
Hidden Star Wars Character II
7
Hidden Star Wars Character III
8
25 Best Actor Nominees (1990s)
9
Hidden Star Wars Character IV
10
Pick 5 Posters: Directed by Spielberg
Explore More
Trending Topics
NBA
Anime
Marvel
Crossword
Harry Potter
Disney
Kpop
Puzzle
Country
NFL
Soccer
Song
The Office
WWE
Pokémon
hide this ad
More By:
Phonglehorn
Quiz
Plays
Rating
Category
Featured
Created
Same Name
74,598
4.07
Entertainment
Oct 6, 2009
McFlys and Tannens
903
4.80
Movies
Jun 11, 2010
Sesame Street Guest Stars
331
5.00
Television
Apr 5, 2013
The Monkees' 'Zilch'
298
3.33
Music
Feb 7, 2013
They Might Be Giants' Flood
225
5.00
Music
Nov 30, 2012
Go to Creator's Profile
Score Distribution
Quiz Creator Spotlight
Phonglehorn
Follow
Send a Message
Quizzes Created
-
Created Quiz Play Count
-
More By This Creator
Popular Quizzes Today
1
Find the US States - No Outlines Minefield
2
Colored Red Africa Blitz
3
Find the 'City' Movie
4
The Countries of the World
5
5x2 Blitz: Bands
6
Find the Countries of Europe - No Outlines Minefield
7
Find the US States
8
US States
More Movies Quizzes
The 'N' & 'O' Movies
Published
Trending Quizzes
Colored Red Europe Blitz I
Colored Red Africa Blitz II
Colored Red Europe Blitz II
Even More Two Season TV Shows
Colored Red Africa Blitz III
Recently Updated
Quick Pick: 20 Twenties
pecheneg
March Madness Men's Triple Doubles
pecheneg
How Do You Spell That?
pecheneg
Godzilla Movies
pecheneg
Grab Bag: 4-10 Letters
pecheneg
2024 March Madness Bracket
pecheneg
Famous TV Couples
Peacemaker
Champions League XIs: Real Madrid
pecheneg
Largest US Cities 1790-2010
pecheneg
Rides in Walt Disney World
pecheneg
Trending Topics
Crossword
Disney
Marvel
Harry Potter
Kpop
Anime
NBA
Puzzle
Soccer
Song
NFL
The Office
Country
WWE
Pokémon
Your Account Isn't Verified!
In order to create a playlist on Sporcle, you need to verify the email address you used during registration. Go to your
Sporcle Settings
to finish the process.
Report this User
Report this user for behavior that violates our
Community Guidelines
.
Details:
Send Report
Go to the Sporcle.com Mobile Site →
Comments